000 00776nam a22002057a 4500
005 20140726155126.0
010 _aB-538716
020 _a9789350354483
_c695.00
035 _aB-538716
037 _bUBH
082 _a000
100 _aGupta, Vinay Kumar
245 _aUniversal's guide to Delhi Judicial services:
_bpreliminary examination/
_cby Vinay Kumar Gupta
250 _a7thed
260 _aNew Delhi
_bUniversal Law Publishing
_c2014
270 _aA-58, G.T. Karnal Road Industrial Area
_bDelhi
_e110033
_k011-47082254, 27458529
300 _a804p
_c24cm(pbk)
942 _2ddc
_cEN
_h000
_mGUP
999 _c87468
_d87468